Anales Seminario Internacional Desarrollo territorial y extractivismo : (Record no. 1600)

000 -CABECERA
fixed length control field 01752nam a22003017a 4500
003 - IDENTIFICADOR DEL NÚMERO DE CONTROL
control field AR-CdUCM
008 - DATOS DE LONGITUD FIJA--INFORMACIÓN GENERAL
fixed length control field 190227b ||||| |||| 00| 0 spa d
020 ## - NÚMERO INTERNACIONAL ESTÁNDAR DEL LIBRO
ISBN 9786124121074
040 ## - FUENTE DE LA CATALOGACIÓN
Agencia/entidad que catalogó originalmente la obra MUNICIPALIDAD PROVINCIAL DEL CUSCO
Entidad que transcribió la catalogación BIBLIOTECA MUNICIPAL DEL CUSCO
082 ## - NÚMERO DE LA CLASIFICACIÓN DECIMAL DEWEY
No. de Clasificación 376.54 /
Notacion interna V38
245 ## - MENCIÓN DE TÍTULO
Título Anales Seminario Internacional Desarrollo territorial y extractivismo :
Resto del título luchas y alternativas en la Región Andina /
Mención de responsabilidad Nicoletta Velardi y Marco Zeisser Polatsik
260 ## - PUBLICACIÓN, DISTRIBUCIÓN, ETC.
Lugar de publicación, distribución, etc. Cusco :
Nombre de la editorial, distribuidor, etc. Centro de Estudios Regionales Andinos Bartolomé de Las Casas,
Fecha de publicación, distribución, etc. 2012.
300 ## - DESCRIPCIÓN FÍSICA
Nº de Páginas Extensión 267 paginas ;
Dimensiones 23 cm.
440 ## - MENCIÓN DE SERIE/PUNTO DE ACCESO ADICIONAL--TÍTULO
Título Estudios y debates regionales andinos
Número de la parte/sección de una obra 3111
9 (RLIN) 44104
505 ## - NOTA DE CONTENIDO CON FORMATO
Nota de contenido formateada Contenido: Estrategias indígenas, gobernanza territorial e industrias extractivas en la Amazonía peruana: El acta de Dorissa en el río Corrientes y la propuesta de Zonificación Ecológica y Económica en Datem del Marañón (Anahi Chaparro y Martín Scurrah) -- Apurímac, la gestión del territorio y la mineria (Jaime Consiglieri) -- Tambogrande, mangos, muerte, mineria (Stephanie Boyd) -- Resistencia de territorios y movilización social panorama nacional del Perú (Marco Arana) -- Del extractivismo al Sumak Qawsay (Ángel Bonilla) -- Suma Qamaña, lo que se maneja como Buen Vivir (Simón Yampara) ...
650 ## - PUNTO DE ACCESO ADICIONAL DE MATERIA--TÉRMINO DE MATERIA
Descriptor Industria minera
9 (RLIN) 22607
650 ## - PUNTO DE ACCESO ADICIONAL DE MATERIA--TÉRMINO DE MATERIA
Descriptor Desarrollo regional
9 (RLIN) 22942
650 ## - PUNTO DE ACCESO ADICIONAL DE MATERIA--TÉRMINO DE MATERIA
Descriptor Comunidades campesinas
9 (RLIN) 2214
650 ## - PUNTO DE ACCESO ADICIONAL DE MATERIA--TÉRMINO DE MATERIA
Descriptor Desarrollo Sostenible
9 (RLIN) 4163
650 ## - PUNTO DE ACCESO ADICIONAL DE MATERIA--TÉRMINO DE MATERIA
Descriptor Perú
9 (RLIN) 44105
650 ## - PUNTO DE ACCESO ADICIONAL DE MATERIA--TÉRMINO DE MATERIA
Descriptor Bolivia
9 (RLIN) 1138
650 ## - PUNTO DE ACCESO ADICIONAL DE MATERIA--TÉRMINO DE MATERIA
Descriptor Ecuador
9 (RLIN) 44106
700 ## - PUNTO DE ACCESO ADICIONAL--NOMBRE DE PERSONA
Nombre Personal Velardi, Nicoletta
9 (RLIN) 44107
700 ## - PUNTO DE ACCESO ADICIONAL--NOMBRE DE PERSONA
Nombre Personal Zeisser Polastsik, Marco
9 (RLIN) 44108
710 ## - PUNTO DE ACCESO ADICIONAL--NOMBRE DE ENTIDAD CORPORATIVA
Nombre corporativo (En letras Mayúsculas) Acción Solidaria para el Desarrollo
9 (RLIN) 44109
942 ## - ELEMENTOS DE PUNTO DE ACCESO ADICIONAL (KOHA)
Fuente de clasificación
Tipo de item Libros-BMC
945 ## - PROCESAMIENTO DE INFORMACIÓN LOCAL (OCLC)
Catalogador rjall
AAAA-MM-DD - Fecha de ingreso o modificacion 2019-02-27
Holdings
Estado de retiro (separado) Fuente de clasificación o esquema de estanterías Estado dañado Ubicación Sala donde se ubica Nombre de la colección Fecha de adquisición o compra Costo, precio normal en soles Signatura topográfica Código de Barras Última vez visto (Koha) Tipo de ítem (Koha) Número de Ejemplar
No     Sala Humanidades Sala Humanidades Book Cart 2019-02-27 18.00 376.54 / V38 SH0000001583 2019-02-27 Libros-BMC  
No     Sala Humanidades Sala Humanidades Book Cart 2019-02-27 18.00 376.54 / V38 SH0000002299 2019-02-28 Libros-BMC 2 ej.

Powered by Koha